| 000 | 01012nam a22002777a 4500 | ||
|---|---|---|---|
| 001 | 20755 | ||
| 003 | CO-MdFUSB | ||
| 005 | 20190202100332.0 | ||
| 008 | 160920t2006 x ||||| |||| 00| 0 eng d | ||
| 020 | _a978-0-687-49395-1 | ||
| 040 |
_aCO-MdFUSB _bEspañol _cCO-MdFUSB _dCO-MdFUSB _erda |
||
| 041 | _aeng | ||
| 082 |
_224 _aG 220.61 _bD216r |
||
| 100 | 1 |
_aDarden, Robert _eautor |
|
| 245 | 1 | 0 |
_aReluctant prophets and clueless disciples _b: Introducing the Bible by telling its stories _c/ Robert Darden |
| 264 | 4 |
_aNashville, Tennessee : _bAbingdon Press, _c©2006 |
|
| 300 | _a302 páginas | ||
| 336 |
_2rdacontent _a1 _ba1 |
||
| 337 |
_2rdamedia _a2 _b5 |
||
| 338 |
_2rdacarrier _a2 _b5 |
||
| 501 | _aRústico | ||
| 505 | 0 | 0 | _aProfetas y discípulos: Presentación de la Biblia contando sus historias - Comentario sobre varias historias del Antiguo Testamento - Comentario sobre varias historias del Nuevo Testamento |
| 650 | 0 |
_aBiblia _bIntroducción _916 |
|
| 942 | _cBK | ||
| 999 |
_c47106 _d47106 |
||